[Event "CZE-tht Extraliga 2018-19"]
[Site "Czech Republic"]
[Date "2019.04.19"]
[Round "9.5"]
[White "Blatny, Pavel"]
[Black "Roubalik, Jakub"]
[Result "1-0"]
[WhiteElo "2326"]
[BlackElo "2417"]
[Annotator "TA"]
[PlyCount "191"]
[EventDate "2018.11.03"]
[EventType "team-tourn"]
[EventCountry "CZE"]
[SourceTitle "playchess.com"]
[Source "ChessBase"]
[SourceQuality "1"]
[WhiteTeam "Brno"]
[BlackTeam "Duras"]

{[%evp 9,191,9,14,21,22,20,33,5,4,6,39,-14,-8,-19,-18,-22,-6,-22,-19,-22,-14,-69,-50,-51,-9,-44,-24,-50,-48,-53,-39,-38,-37,-43,-46,-41,-42,-59,-62,-60,-76,-49,-21,-94,-12,-10,0,0,0,0,16,16,18,17,20,18,25,23,23,9,10,9,12,0,32,32,32,32,54,29,29,31,31,32,38,17,19,22,31,19,37,37,60,27,29,24,47,27,26,25,26,24,37,18,24,0,0,0,0,0,0,0,5,5,8,8,8,8,8,8,8,0,9,12,27,0,101,5,13,16,132,21,104,28,43,50,50,31,130,132,132,132,132,132,136,125,125,43,75,75,75,75,75,0,0,0,75,0,0,0,0,0,0,0,5028,5021,5021,5021,5005,5029,4768,1133,647,0,4759,4759,4723,3637,4702,4711,4678,2314,2000,0,5350,5265,4952,1320,29974,29975,29979,29979,29979,29980]} 1. e3 e5 2. c4 Nc6 3. b3 g6 4. Bb2 Bg7 5. Nf3 (5. Nc3 Nf6 6. Nf3 O-O 7. a3 e4 8. Ng1 d5 9. cxd5 Nxd5 10. Qc2 Nxc3 11. Bxc3 Ne5 {0-1 (48) McShane,L (2664)-Jones,G (2682) London 2018}) 5... d6 6. Be2 {A20: English Opening: 1...e5} f5 7. d4 e4 8. Nfd2 {White is slightly better.} Nf6 9. Nc3 d5 10. a3 (10. cxd5 $14 Nb4 11. Bb5+ Kf7 12. Bc4) 10... Ne7 $146 ({Predecessor:} 10... Be6 11. b4 Ne7 12. cxd5 Nexd5 13. Qc2 {½-½ (51) Spraggett,K (2545)-Bricard,E (2430) Cannes 1992}) 11. cxd5 Nexd5 12. Nxd5 Nxd5 13. Qc2 O-O 14. g3 c6 15. Nb1 (15. Nc4 $11) 15... Be6 16. Nc3 Qd7 17. Rc1 Rac8 18. O-O g5 19. Rfe1 Kh8 20. b4 Nxc3 21. Bxc3 Bd5 22. Qd1 Rf6 23. Bd2 Rcf8 24. f4 exf3 25. Bxf3 Re6 26. Rf1 {[#]} (26. Bxd5 $11 {remains equal.} Qxd5 27. Rc5) 26... Bxf3 (26... f4 $1 $17 {[%cal Rf4e3][%mdl 512]} 27. exf4 Bxd4+ 28. Kh1 g4) 27. Qxf3 f4 {[%mdl 64] Decoy} 28. exf4 Qxd4+ 29. Rf2 gxf4 30. Bxf4 Qe4 31. Rd1 Qxf3 32. Rxf3 Rfe8 33. Rfd3 Kg8 34. Rd7 R8e7 35. Rd8+ Kf7 36. Rf1 {And now Bd6+ would win.} Re1 (36... Kg6 {with more complications.} 37. Bd6 Re8 38. Rd7 b6 39. a4 Bf6) 37. Bd6+ Rxf1+ 38. Kxf1 $14 {[%mdl 4096] Endgame KRB-KRB} Re6 39. Rd7+ Kg6 40. Bf4 b5 41. Rxa7 Bd4 42. Rd7 Bb2 43. Rd3 Kf5 44. Be3 Re8 45. Rb3 Be5 46. Bc5 Rd8 47. Ke2 Ra8 48. Kd3 h5 49. Ke2 Ke4 50. Rf3 Rg8 51. Be7 Ra8 52. Bf6 Bxf6 53. Rxf6 Rxa3 $11 {KR-KR} 54. Rf4+ Kd5 55. Rh4 Rc3 56. Kd2 Rf3 57. Rxh5+ Kc4 58. Rh4+ Kd5 59. Ke2 Rb3 60. Kd2 Rf3 61. Rf4 Rb3 62. Rf5+ Ke4 (62... Kd6 $11) 63. Rc5 (63. Kc2 $1 $16 Re3 64. Rf2) 63... Rxb4 64. Rxc6 Kf3 (64... Kd5 $11 65. Kc3 Rb1) 65. Rc2 (65. Kc3 $16 Rg4 66. Rf6+ Kg2 67. Rh6) 65... Re4 (65... Ra4 $11 {keeps the balance.}) 66. Kc3 (66. Kd3 $16 {Black must now prevent Rf2+!} Re8 67. Kc3) 66... Kg4 67. Kd3 Ra4 68. Rc8 Kh3 (68... Ra3+ $14 69. Kd4 Ra2) 69. Rh8+ $16 Kg2 70. Rh4 Ra8 71. Kc3 Ra1 72. Kb2 Re1 73. g4 ({White should play} 73. Ka3 $16) 73... Kf3 {[#]} 74. h3 $1 Re3 75. g5 Kg3 76. Rh5 (76. Rh8 $16 Kf4 77. h4) 76... Kf4 $1 $11 77. h4 {Strongly threatening g6.} (77. g6 $5 {[%cal Rg6g7]} Rg3 78. h4 Rxg6 79. Kc3 $11) 77... Kf5 {[#]} (77... Rg3 $1 $11) 78. Rh6 ({White should try} 78. Rh8 $1 $16) 78... Rg3 79. Kc2 Rg4 80. Kb3 b4 81. Ka4 Rg1 $2 {[%mdl 8192]} (81... Ke5 $11) 82. Kxb4 $18 Rb1+ 83. Kc5 Rc1+ 84. Kd6 Ra1 85. Rf6+ (85. Kc7 $142 Ra7+ 86. Kb6) 85... Kg4 86. Rh6 (86. Ke6 $142) 86... Kf5 $1 {intending ...Ra6+.} 87. Kc7 Ra4 88. Kb6 Rb4+ 89. Kc5 Ra4 90. Kb5 (90. g6 $142 Kf6 91. h5) 90... Rd4 91. Kc5 (91. g6 $142 Kf6 92. h5) 91... Ra4 $1 92. g6 Kf6 93. h5 Kg7 94. Rh7+ {White mates.} Kg8 95. Kd5 Ra5+ 96. Ke6 {Accuracy: White = 50%, Black = 55%.} 1-0

[Event "CZE-tht Extraliga 2018-19"]
[Site "Czech Republic"]
[Date "2019.04.19"]
[Round "9.5"]
[White "Petrova, Kristyna"]
[Black "Oral, Tomas"]
[Result "0-1"]
[WhiteElo "2256"]
[BlackElo "2516"]
[Annotator "TA"]
[PlyCount "72"]
[EventDate "2018.11.03"]
[EventType "team-tourn"]
[EventCountry "CZE"]
[SourceTitle "playchess.com"]
[Source "ChessBase"]
[SourceQuality "1"]
[WhiteTeam "Siesta B"]
[BlackTeam "Lysa nad Labem"]

{[%evp 23,72,9,15,-21,-26,-23,-29,-69,-81,-116,-98,-145,-145,-152,-117,-205,-204,-206,-135,-192,-197,-191,-180,-194,-192,-222,-233,-218,-222,-224,-218,-222,-200,-325,-334,-303,-302,-261,-230,-304,-277,-748,-739,-1072,-1072,-1001,-1023,-929,-897,-29975,-29972]} 1. e4 c5 2. Nf3 e6 3. d4 cxd4 4. Nxd4 Nc6 5. Nc3 d6 6. Be3 Nf6 7. Be2 Be7 8. f4 O-O 9. O-O a6 10. Bf3 Qc7 11. Kh1 Re8 12. a4 Na5 13. Nb3 {B85: Sicilian Scheveningen: 6 Be2 a6, lines with early Be3} (13. Nde2 Bf8 14. b3 Rb8 15. Qd2 Nc6 16. Rad1 b6 17. g4 Bb7 18. g5 Nd7 19. Bg2 Nc5 20. Rf3 Nb4 {1-0 (38) Alekseenko,K (2635)-Chigaev,M (2577) St Petersburg 2018}) 13... Nc4 14. Bc1 e5 15. f5 $146 {Black has an edge.} ({Predecessor:} 15. Be2 Bd7 16. f5 b5 17. Bxc4 Qxc4 18. axb5 axb5 19. Rxa8 Rxa8 20. Bg5 Bc6 21. Bxf6 Bxf6 {0-1 (39) Szumilas,P (2093)-Bebel,A (2249) Chotowa 2009}) 15... d5 16. exd5 Bxf5 17. Be2 {[#]} Bg6 $1 18. Bd3 Rad8 19. Bxg6 (19. a5 $17 {keeps fighting.}) 19... hxg6 $19 20. Qf3 Rd7 21. Nd2 {[#]} (21. a5 $17 {might work better.}) 21... Nxd2 $1 22. Bxd2 Bb4 23. Rad1 e4 24. Qh3 Bxc3 25. Bxc3 {Strongly threatening Rxf6.} Rxd5 {aiming for ...Rh5.} 26. Bxf6 Rxd1 27. Rxd1 {And now Qc3 would win.} gxf6 $40 {[%mdl 4224] Endgame KQR-KQR. White is in trouble.} 28. c3 (28. Qd7 {was the only chance.} Qb8 29. Qd6) 28... f5 29. Qe3 f4 30. Qd4 f3 31. Kg1 fxg2 32. Kxg2 $2 (32. Qd7 Qe5 33. Rd5) 32... e3 33. Re1 Qc6+ 34. Kg3 Re4 {( -> ...Qc7+)} 35. Qd8+ Kg7 {Threatens to win with ...Qe6.} 36. Re2 Qc4 {Accuracy: White = 23%, Black = 86%.} 0-1

[Event "CZE-tht Extraliga 2018-19"]
[Site "Czech Republic"]
[Date "2019.04.19"]
[Round "9.6"]
[White "Kraus, Tomas"]
[Black "Neuman, Petr"]
[Result "1-0"]
[WhiteElo "2456"]
[BlackElo "2397"]
[Annotator "RC"]
[PlyCount "63"]
[EventDate "2018.11.03"]
[EventType "team-tourn"]
[EventCountry "CZE"]
[SourceTitle "playchess.com"]
[Source "ChessBase"]
[SourceQuality "1"]
[WhiteTeam "Turnov"]
[BlackTeam "Pardubice"]
[TimeControl "40/5400+30:1800+30"]

1. c4 {[%emt 0:00:00]} Nf6 {[%emt 0:00:00]} 2. Nc3 {[%emt 0:00:26]} g6 {[%emt 0:00:15]} 3. d4 {[%emt 0:01:27]} Bg7 {[%emt 0:00:06]} 4. e4 {[%emt 0:01:45]} O-O {[%emt 0:01:23]} 5. Bd3 {[%emt 0:00:47]} d6 {[%emt 0:01:09]} 6. Nge2 {[%emt 0:00:13]} c5 {[%emt 0:05:34]} 7. d5 {[%emt 0:00:21]} e6 {[%emt 0:00:07]} 8. O-O {[%emt 0:03:03]} exd5 {[%emt 0:01:57]} 9. cxd5 {[%emt 0:01:01]} Na6 {[%emt 0:04:02]} 10. a3 {[%emt 0:09:51]} Re8 {[%emt 0:04:49]} 11. Ng3 {[%emt 0:05:06]} Bd7 {[%emt 0:04:04]} 12. Bf4 {[%emt 0:08:52]} h5 {[%emt 0:02:08]} 13. h3 {[%emt 0:13:34]} h4 {[%emt 0:02:54]} 14. Nge2 {[%emt 0:01:47]} c4 {[%emt 0:02:20]} 15. Bc2 {[%emt 0:01:45]} Nc5 {[%emt 0:03:18]} 16. Bg5 {[%emt 0:01:41]} Qb6 {[%emt 0:00:32]} 17. Qb1 {[%emt 0:00:20]} Nd3 {[%emt 0:05:02]} 18. Bxd3 {[%emt 0:06:22]} cxd3 {[%emt 0:00:06]} 19. Qxd3 {[%emt 0:00:03]} Nxe4 {[%emt 0:07:29]} 20. Nxe4 {[%emt 0:01:15]} Bf5 {[%emt 0:10:10]} 21. N2c3 {[%emt 0:01:34]} Bxc3 {[%emt 0:00:33]} 22. Qxc3 {[%emt 0:00:53]} Rxe4 {[%emt 0:00:45]} 23. Rad1 {[%emt 0:06:46]} f6 {[%emt 0:03:04]} 24. Bxf6 {[%emt 0:01:23]} Rc8 {[%emt 0:00:54]} 25. Qd2 {[%emt 0:01:20]} Kh7 {[%emt 0:00:40]} 26. Bd4 {[%emt 0:03:24]} Qb5 {[%emt 0:02:15]} 27. Bc3 {[%emt 0:02:31]} Qb6 {[%emt 0:02:32]} 28. Rfe1 {[%emt 0:05:23]} Rce8 {[%emt 0:01:29]} 29. Rxe4 {[%emt 0:00:50]} Rxe4 {[%emt 0:00:05]} 30. Qg5 {[%emt 0:01:13]} Re2 {[%emt 0:06:10]} 31. Rd4 {[%emt 0:04:12]} Kg8 {[%emt 0:00:54]} 32. Kh2 {[%emt 0:02:57]} 1-0

[Event "CZE-tht Extraliga 2018-19"]
[Site "Czech Republic"]
[Date "2019.04.19"]
[Round "9.6"]
[White "Kislinsky, Alexey"]
[Black "Slampa Jan"]
[Result "1-0"]
[WhiteElo "2429"]
[BlackElo "2253"]
[Annotator "TA"]
[PlyCount "115"]
[EventDate "2018.11.03"]
[EventType "team-tourn"]
[EventCountry "CZE"]
[SourceTitle "playchess.com"]
[Source "ChessBase"]
[SourceQuality "1"]
[WhiteTeam "Lysa nad Labem"]
[BlackTeam "Siesta B"]

{[%evp 11,115,2,16,9,10,14,14,9,11,0,0,1,80,80,75,58,93,12,11,3,0,6,11,14,14,0,34,0,29,13,47,45,93,68,64,66,72,52,55,55,55,53,73,47,72,70,72,68,112,87,114,116,116,118,132,129,129,129,136,-551,89,60,124,129,312,51,160,11,210,202,234,225,213,205,253,229,276,263,337,331,378,367,526,526,519,523,517,510,641,641,641,641,838,821,796,766,29983,29984,29984,29985,29985,29986,29986,29987,29987,29988]} 1. e4 c6 2. d4 d5 3. exd5 cxd5 4. c4 Nf6 5. Nc3 Nc6 6. Bg5 Ne4 7. cxd5 {B13: Caro-Kann: Exchange Variation and Panov-Botvinnik Attack} Nxc3 8. bxc3 Qxd5 9. Nf3 {The position is equal.} Bg4 10. Qb3 Bxf3 11. gxf3 Qxg5 $146 (11... Qxf3 12. Rg1 $16) (11... O-O-O $11 {remains equal.} 12. Rg1 h6) ({Predecessor:} 11... O-O-O 12. Rb1 Rd7 13. Qxd5 Rxd5 14. Be3 e6 {0-1 (54) Tomczak,J (2561)-Kovalenko,I (2653) Wroclaw 2014}) 12. Qxb7 $16 {[%mdl 64] Double Attack} Rb8 13. Qxc6+ Kd8 14. Ba6 ({Much weaker is} 14. Bh3 e6 $14) (14. a4 $16) 14... h5 $11 {White must now prevent ...Rh6.} 15. Bb7 (15. Bc4 {with more complications.} Rh6 16. Qe4 Rf6 17. Rb1 Rxb1+ 18. Qxb1 Qf4 19. Qe4) 15... Rh6 16. Qd5+ $40 {[%mdl 128] White has some attack.} Qxd5 17. Bxd5 e6 18. Bb3 Bd6 19. Ke2 Ke7 20. c4 Rg6 21. h3 Rg2 22. Rag1 (22. f4 {keeps more tension.} Rg6 23. f5 Rf6 24. c5 Bc7 25. fxe6 fxe6 26. Rhg1) 22... Rxg1 23. Rxg1 $14 {[%mdl 4096] Endgame KRB-KRB} g6 24. Rg5 Bc7 25. Ke3 Rb4 26. Kd3 Rb8 27. Rc5 Rb7 28. Rc6 h4 29. c5 a5 30. Ra6 Rb5 31. Ra7 Kd8 32. Kc4 Rb4+ 33. Kc3 $1 Kc8 {With the idea ...Kb8.} 34. a3 Rb7 35. Ra6 $2 {[%mdl 8192] [#]} (35. Rxb7 $1 $16 {and life is bright.} Kxb7 36. Ba4) 35... Rb8 $2 (35... Rxb3+ $1 $19 {[%mdl 512]} 36. Kxb3 Kb7) 36. Rc6 Kb7 ({Black should try} 36... Kd7 $14 37. Ra6 Kc8) 37. d5 $1 $16 Rd8 $2 {[#]} (37... Be5+ $16 38. Kd3 Bb2) 38. Kd3 $2 (38. Rxc7+ $1 $18 Kxc7 39. d6+ Kb7 40. Ba4) 38... g5 ({Better is} 38... a4 $14 39. Bc4 (39. Bxa4 Rxd5+ 40. Ke2 Re5+ 41. Kf1 Rd5 $11) 39... exd5) 39. a4 ({White should play} 39. Kd4 $16) 39... Re8 $2 {[#]} (39... exd5 $11 {and Black stays safe.} 40. Rf6 Be5 41. Rxf7+ Kc6) 40. Bc4 $1 $18 {[%cal Rc4a6] And now Ba6+ would win.} Ra8 41. Kd4 exd5 42. Bxd5 {aiming for Rxc7+!} Rd8 43. Kc4 Kc8 44. Ra6 ({Don't take} 44. Bxf7 $6 Rd2 $18) 44... Kd7 45. Bxf7 Rb8 46. Kd5 Ke7 (46... Bf4 {keeps fighting.} 47. Rxa5 Kc7) 47. Ra7 Kd8 48. Be6 Rb2 49. Kc6 Bf4 50. Rxa5 Rxf2 51. Bg4 Rc2 52. Rb5 Ra2 53. Rb4 Re2 54. Rd4+ {White mates.} Ke7 55. Re4+ Rxe4 56. fxe4 Bd2 57. Kb6 Kd8 58. a5 {Accuracy: White = 55%, Black = 28%.} 1-0

[Event "CZE-tht Extraliga 2018-19"]
[Site "Czech Republic"]
[Date "2019.04.19"]
[Round "9.6"]
[White "Londyn, Radek"]
[Black "Koziol, Kamil"]
[Result "1/2-1/2"]
[WhiteElo "2412"]
[BlackElo "2280"]
[Annotator "TA"]
[PlyCount "130"]
[EventDate "2018.11.03"]
[EventType "team-tourn"]
[EventCountry "CZE"]
[SourceTitle "playchess.com"]
[Source "ChessBase"]
[SourceQuality "1"]
[WhiteTeam "Poruba"]
[BlackTeam "Ostrava"]

{[%evp 12,130,45,17,60,35,54,65,66,66,66,66,60,61,70,70,67,49,47,23,35,9,41,22,51,56,45,22,20,20,30,-14,4,0,35,18,72,76,89,97,84,75,148,84,85,71,68,64,110,112,206,206,206,206,199,202,220,198,290,271,262,186,170,68,69,54,70,47,50,48,47,56,64,64,126,118,116,122,206,206,206,206,169,169,206,206,206,206,206,206,206,206,237,237,237,237,237,223,197,96,96,96,295,96,96,96,111,8,8,8,8,8,8,8,8,8,8,8,8,8,8]} 1. g3 d5 2. Nf3 Nf6 3. Bg2 c6 ({Predecessor:} 3... h6 4. O-O Bf5 5. c4 e6 6. Qb3 Qc8 7. cxd5 exd5 8. Nc3 c6 9. d3 {0-1 (30) Dahl,I (2170)-Alkkiomaki,J (1957) Sibenik 2014}) 4. c4 Bf5 5. O-O e6 6. d3 h6 7. Qb3 Qc8 $146 {A11: English Opening: 1...c6} (7... Qb6 8. Nd4 Bh7 9. cxd5 exd5 10. Qxb6 axb6 11. Nc3 b5 12. Bd2 b4 13. Nd1 Bc5 14. Nc2 Na6 15. Rb1 {½-½ (41) Harikrishna,P (2698)-Anand,V (2772) Wijk aan Zee 2013}) 8. Nc3 Be7 9. cxd5 exd5 {White is slightly better.} 10. e4 dxe4 11. dxe4 Be6 12. Qc2 O-O 13. Nd4 Na6 14. a3 Rd8 15. Nxe6 Qxe6 16. b4 Nc7 17. Bf4 Nb5 18. Nxb5 cxb5 19. Rfd1 Rac8 20. Rxd8+ Bxd8 21. Qd3 Bb6 22. h3 $36 {[%mdl 2048] White has some pressure.} Rc4 {[%cal Rf6e4]} 23. Re1 Bd4 (23... Qd7 $11 {keeps the balance.} 24. Qxd7 Nxd7) 24. Be3 $16 Qe5 25. Bxd4 Rxd4 26. Qc3 Rd5 (26... Ne8 $142) 27. Qxe5 (27. Qe3 $142 Rd7 28. Qxa7) 27... Rxe5 {[%mdl 4096] Endgame KRB-KRN} 28. f4 Re7 29. e5 Nd7 30. Rd1 ({Much weaker is} 30. Bxb7 $6 Nxe5 31. Rxe5 Rxb7 $11) 30... Nb6 (30... Nf8 $16) 31. Rd8+ $18 Kh7 32. Rb8 $1 Nc4 33. Rxb7 ({Don't do} 33. Bxb7 $6 Nxa3 34. Be4+ g6 $16) 33... Rxb7 34. Bxb7 Nxa3 {KB-KN} (34... Kg8 $142 35. Bc6 Nxa3) 35. Be4+ Kg8 36. Kf2 Nc4 37. Ke2 (37. Bd5 $1 $18) 37... a5 $1 $14 38. bxa5 Nxa5 39. Bd5 Kf8 40. Kd3 {Kc3 is the strong threat.} b4 $1 41. Kd4 Ke7 42. f5 f6 (42... Kf8 $14) 43. e6 $16 Kd6 44. Ke4 b3 {[#]} (44... Kc7 $16 45. Kd3 Kd6) 45. Kd3 $1 $18 Ke7 46. Kd2 Kd6 47. Kc3 Ke7 48. Be4 b2 49. Kxb2 {aiming for Kc3.} Nc4+ 50. Kc3 Nd6 51. Kd4 g6 52. fxg6 {Hoping for g7.} Kxe6 53. g4 {White wants to mate with Bd5+.} Ne8 54. Kc5 Ng7 {[#]} 55. Bf5+ (55. h4 $1 $18 {is the precise move to win.} Ke7 56. h5 Ne6+ 57. Kd5) 55... Ke7 $16 56. Kd5 Ne8 $2 (56... h5 $16 {was necessary.} 57. Bc8 hxg4 58. hxg4 (58. Bxg4 f5 $11) 58... Ne8) 57. Kc6 $2 (57. h4 $18 {has better winning chances.} Nc7+ 58. Kc5 Na6+ 59. Kc4) 57... Ng7 58. Bd7 h5 59. Kc7 (59. Bf5 $16) 59... hxg4 $1 $11 {The position is equal.} 60. hxg4 {Black should prevent Kc6.} f5 $1 61. gxf5 Kf6 62. Kd8 Nh5 63. Ke8 Nf4 64. Kf8 {Strongly threatening g7.} Nxg6+ $1 65. fxg6 Kxg6 {Accuracy: White = 64%, Black = 44%.} 1/2-1/2

[Event "CZE-tht Extraliga 2018-19"]
[Site "Czech Republic"]
[Date "2019.04.19"]
[Round "9.6"]
[White "Rojicek, Vojtech"]
[Black "Mrazek, Lumir"]
[Result "1/2-1/2"]
[WhiteElo "2386"]
[BlackElo "2364"]
[Annotator "TA"]
[PlyCount "53"]
[EventDate "2018.11.03"]
[EventType "team-tourn"]
[EventCountry "CZE"]
[SourceTitle "playchess.com"]
[Source "ChessBase"]
[SourceQuality "1"]
[WhiteTeam "Beskydska"]
[BlackTeam "Cesky Tesin"]

{[%evp 18,53,21,0,-2,0,0,0,3,0,0,-20,0,0,11,0,10,0,40,20,55,58,58,24,42,31,31,32,36,17,23,14,14,14,14,17,25,12]} 1. d4 Nf6 2. c4 g6 3. Nf3 Bg7 4. g3 O-O 5. Bg2 d5 6. cxd5 Nxd5 7. O-O Nc6 {[%cal Bb8c6,Bc6a5,Ba5c4][%mdl 32]} 8. e4 Nb6 9. d5 Na5 10. Qc2 c6 {D74: Fianchetto Grünfeld: Main Line (5 Nf3 0-0 6 cxd5 Nxd5 7 0-0)} 11. Bd2 Nac4 12. Bc3 $1 cxd5 {The position is equal.} 13. Bxg7 Kxg7 14. Rd1 Nd6 15. exd5 Bf5 16. Qe2 Rc8 17. Nc3 Nbc4 $146 ({Predecessor:} 17... Re8 18. Nd4 {0-1 (49) Becking,S (2406)-Mueller,H (2292) Germany 2009}) 18. Rac1 Kg8 19. h3 Re8 20. b3 Na3 $1 {[#] Hoping for ...Bc2!} 21. Nd4 Qa5 22. Nxf5 Nxf5 23. Ne4 Nb5 24. Rxc8 Rxc8 25. d6 Nfxd6 26. Nxd6 exd6 27. Bxb7 {Accuracy: White = 57%, Black = 55%.} 1/2-1/2

[Event "CZE-tht Extraliga 2018-19"]
[Site "Czech Republic"]
[Date "2019.04.19"]
[Round "9.6"]
[White "Cerveny, Martin"]
[Black "Vojta, Tomas"]
[Result "1-0"]
[WhiteElo "2343"]
[BlackElo "2369"]
[Annotator "TA"]
[PlyCount "79"]
[EventDate "2018.11.03"]
[EventType "team-tourn"]
[EventCountry "CZE"]
[SourceTitle "playchess.com"]
[Source "ChessBase"]
[SourceQuality "1"]
[WhiteTeam "Duras"]
[BlackTeam "Brno"]

{[%evp 10,79,43,26,20,27,25,20,44,15,18,12,16,14,10,28,21,0,24,-14,-35,-52,-54,-8,0,0,94,87,49,0,7,0,89,77,71,62,62,58,93,97,104,116,189,178,173,104,158,0,0,-157,192,193,182,157,158,150,141,147,179,122,229,176,184,176,70,0,0,-12,29997,29998,29998,29999]} 1. d4 d5 2. Nf3 Nf6 3. c4 dxc4 4. e3 a6 5. Bxc4 b5 6. Bd3 e6 {D25: Queen's Gambit Accepted: 4 e3: sidelines and 4...Bg4} 7. a4 b4 8. e4 Bb7 {The position is equal.} 9. Qe2 c5 10. Nbd2 $146 ({Predecessor:} 10. Bg5 Be7 11. Nbd2 h6 12. Bxf6 Bxf6 13. e5 Be7 14. dxc5 {½-½ (29) Zilka,S (2524)-Biolek,R (2457) Czech Republic 2017}) 10... cxd4 11. Nb3 Nc6 12. e5 Nd7 13. O-O Be7 14. Bf4 g5 15. Bg3 h5 $1 {[%cal Rh5h4]} 16. h3 $1 h4 17. Bh2 Rg8 (17... Na5 $1 $11 {keeps the balance.} 18. Nfxd4 Nxb3 19. Nxb3 Bd5) 18. Nfd2 $16 Na5 19. Rac1 Nxb3 20. Nxb3 {[#]} Nb6 (20... g4 $1 $11 {[%mdl 512]} 21. hxg4 Bd5) 21. Na5 Bd5 22. Nc6 Qd7 23. Nxe7 Kxe7 24. a5 Na4 25. Bxa6 Rgb8 (25... Qd8 $16 {might work better.}) 26. Bd3 Rxa5 27. Qd2 ({White should play} 27. Qh5 $1 $18 {[%cal Rh5g5]} Kd8 28. Qxg5+ Qe7 29. Qd2) 27... Qd8 28. f4 $2 {[#]} (28. Qxg5+ $16 Kd7 29. Qd2) 28... g4 $1 $11 {[%cal Rg4g3][%mdl 512] Hoping for ...g3.} 29. hxg4 $2 {[#]} (29. f5 $11 g3 30. Bxg3 hxg3 31. Qf4) 29... Nc5 $2 (29... Nxb2 $1 $17 {[%mdl 512] and life is bright.} 30. Bb1 (30. Qxb2 $2 Ra2 $19) 30... Nc4 31. Qxd4 Qb6 32. Qxb6 Rxb6) 30. f5 $18 h3 31. fxe6 Bxe6 32. gxh3 Nxd3 33. Qxd3 {aiming for Rc6.} Qb6 34. Rf6 (34. Bg3 $18) 34... Ra2 (34... Rba8 $16 {was called for.}) 35. Bg3 Rxb2 {[#]} 36. Bh4 $1 {Rxf7+! would kill now.} Ke8 37. Qh7 $40 {[%mdl 128] White mounts an attack.} (37. Bf2 $14 Rxf2 38. Rxf2) 37... d3+ $1 $11 38. Kf1 {Intending Qg8+ and mate.} d2 $2 {[%mdl 8192]} (38... Rc2 $11 39. Rb1 Qb7 40. Qg8+ Kd7 41. Rxf7+ Bxf7 42. Qxf7+ Kc6 43. Qf3+ Kc7 44. Qf7+ Kc6 45. Qf3+ Kc7 46. Qf7+ Kc6) 39. Qg8+ Kd7 40. Rxf7+ {Accuracy: White = 66%, Black = 52%.} 1-0

[Event "CZE-tht Extraliga 2018-19"]
[Site "Czech Republic"]
[Date "2019.04.19"]
[Round "9.6"]
[White "Sysel, Jaroslav"]
[Black "Babula, Vlastimil"]
[Result "0-1"]
[WhiteElo "1769"]
[BlackElo "2549"]
[Annotator "TA"]
[PlyCount "78"]
[EventDate "2018.11.03"]
[EventType "team-tourn"]
[EventCountry "CZE"]
[SourceTitle "playchess.com"]
[Source "ChessBase"]
[SourceQuality "1"]
[WhiteTeam "Siesta"]
[BlackTeam "Novoborsky"]

{[%evp 16,78,12,14,12,16,4,-32,-27,-31,-25,-143,-144,-144,-130,-177,-192,-193,-148,-146,-64,-267,-252,-273,-268,-312,-316,-314,-311,-302,-272,-281,-256,-242,-249,-245,-195,-189,-207,-406,-390,-414,-420,-443,-414,-547,-551,-526,-522,-627,-627,-728,-712,-709,-678,-698,-705,-796,-776,-882,-863,-851,-829,-836,-813]} 1. e4 c5 2. c4 Nc6 3. Nc3 g6 4. g3 Bg7 5. Bg2 a6 6. a4 Nf6 7. Nge2 O-O 8. O-O Ne8 9. d3 Nc7 {A36: Symmetrical English vs ...g6: 4 Bg2 Bg7} 10. Be3 Ne6 11. Qd2 Ned4 {Black is slightly better.} 12. Ra3 d6 13. Bh6 $146 {[#]} (13. Na2 $11 {remains equal.}) ({Predecessor:} 13. Nd5 Bg4 14. Nxd4 cxd4 15. Bh6 e6 16. Bxg7 Kxg7 17. Nf4 {0-1 (33) Mwali,C (2356)-De Abreu,R (2145) Durban 2017}) 13... Bxh6 $1 $17 {[%mdl 64] Overworked Piece} 14. Qxh6 {[#]} Nc2 $1 15. h4 Nxa3 16. bxa3 e6 17. f4 Qf6 (17... Bd7 $17 18. h5 Nd4) 18. f5 $2 (18. e5 $1 $15 Qg7 19. Qxg7+ Kxg7 20. Bxc6 bxc6 21. Ne4) 18... Qg7 $19 (18... exf5 19. exf5 Qg7 20. Qxg7+ Kxg7 21. f6+ Kg8 22. Nf4 $17) 19. Qf4 {With the idea f6.} exf5 20. Qxd6 Rd8 21. Qxc5 Rxd3 22. Nd5 Be6 23. Ndf4 Rdd8 24. Nxe6 fxe6 25. exf5 exf5 26. Bd5+ Kh8 27. Bxc6 $2 (27. Qb6) 27... Rac8 {[%mdl 64] Pin} ({Weaker is} 27... bxc6 28. Qxc6 Rab8 29. Nf4 $19) 28. Qb6 {Black must now prevent Bd5.} Rd6 ({Much less strong is} 28... bxc6 29. Qxa6 Qf6 30. Qb6 $19) 29. Qxb7 Rdxc6 30. Rb1 Qxb7 {Black is clearly winning.} 31. Rxb7 Rxc4 {[%mdl 4096] Endgame KRR-KRN} 32. Nf4 Rc2 33. h5 Ra2 {[%cal Rc8c1]} 34. Rb1 Kg7 35. hxg6 hxg6 36. Nd5 a5 37. Rb7+ Kh6 {[%cal Rc8c1]} 38. Rb1 Rc5 39. Nf4 Rc3 {Accuracy: White = 19%, Black = 81%.} 0-1

[Event "CZE-tht Extraliga 2018-19"]
[Site "Czech Republic"]
[Date "2019.04.19"]
[Round "9.7"]
[White "Zilka, Stepan"]
[Black "Simek, Petr"]
[Result "1-0"]
[WhiteElo "2534"]
[BlackElo "2296"]
[Annotator "ChessBase"]
[PlyCount "27"]
[EventDate "2018.11.03"]
[EventType "team-tourn"]
[EventCountry "CZE"]
[SourceTitle "playchess.com"]
[Source "ChessBase"]
[SourceQuality "1"]
[WhiteTeam "Novoborsky"]
[BlackTeam "Siesta"]
[TimeControl "40/5400+30:1800+30"]

1. e4 e5 2. Nf3 Nc6 3. Bb5 a6 4. Ba4 Nf6 5. O-O Be7 6. d3 b5 7. Bb3 d6 8. a3 O-O 9. Nc3 Bg4 10. Be3 Qd7 11. h3 Bh5 12. Nd5 Nxd5 13. Bxd5 Rad8 14. Nxe5 1-0